1978 1632 1794 1908 1296 1962 1491 1410 1168 1749 1493 1937 1625 1021 1770 1292 1529 1713 1320 1848 1261 1855 1518 1372 1624 1687 1757 1747 1077 1564 1857 1595 1780 1710 1929 1718 1365 1943 1838 1569 1436 1579 1879 1575 1093 1804 1995 1336 1706 1875 1602 1826 1165 1851 1083 1464 1674 1713 1368 1509 1426 1411 1711 1195 1792 1050 1663 1361 1644 1831 1630 1246 1337 1857 1246 1166 1677 1093 1323 1804 1359 1510 1731 1850 1082 1102 1976 1016 1308 1017 1238 1226 1760 1303 1608 1199 1962 1990 1580 BCNSPRNW ULIB Ver.6.0+V

เปลี่ยนเป็นภาษาไทย

Change to English
 แสดงรายละเอียดบรรณานุกรม
  กลับหน้าหลัก

Brief Record : Get Marc (ISO 2709) : E-mail record : QR code < ปิดหน้าต่าง
LEADER : 00000nam 2200000uu 4500
001    13399126514
003     ULIB
008    020711s2561 th a 000 0 tha d
020    ^a9786164432086
060    ^aWY152^bศ499ก
100    ^aศิริอร สินธุ
245    ^aการจัดการรายกรณี โรคเรื้อรัง ค่าใช้จ่ายสูง
250    ^aพิมพ์ครั้งที่ 2
260    ^aกรุงเทพฯ :^bวัฒนาการพิมพ์,^c2561
300    ^a315 หน้า;^b21 ซม.
650    ^aการพยาบาล
650    ^aการจัดการรายกรณี, โรคเรื้อรัง
650    ^aการจัดการรายกรณี, โรคค่าใช้จ่ายสูง
945    ^p290^l0^i004683
999    ^aประนอม เกษจรัล
รายการนี้ยังไม่มีแท็ก
คุณยังไม่ได้ล็อกอิน คุณสามารถมีกิจกรรมร่วมกับเว็บไซต์ได้ แต่ต้องล็อกอินก่อน ::
  ล็อกอิน

รายการสื่อสารสนเทศ

ลำดับที่ ประเภท เลขเรียก/บาร์โค้ด สถานที่ สถานะ
1. Book การพยาบาล
Book การพยาบาล
WY152 ศ499ก ฉ.1 
  Barcode: 004683
ห้องสมุดวิทยาเขตสวรรค์ประชารักษ์
►หนังสือทั่วไป
บนชั้น

รายการใกล้เคียง
    ชื่อเรื่อง [การจัดการรายกรณี โรคเรื้อรัง ค่าใช้จ่ายสูง]

    ผู้แต่ง [ศิริอร สินธุ]

    หัวเรื่อง [การพยาบาล]
    หัวเรื่อง [การจัดการรายกรณี, โรคเรื้อรัง]
    หัวเรื่อง [การจัดการรายกรณี, โรคค่าใช้จ่ายสูง]

BibComment


ยังไม่เคยถูกคอมเมนท์

คอมเมนท์ทรัพยากรรายการนี้
  คอมเมนท์: การจัดการรายกรณี..


 Copyright 2026. Bcnsprnw @Library